| 000 | 00381nam a22001577a 4500 | ||
|---|---|---|---|
| 003 | SGT | ||
| 020 | _a9789352706785 | ||
| 082 |
_a610.7367 _bC19J |
||
| 100 | _aJACOB. ANNAMMA | ||
| 245 | _aA COMPREHENSIVE TB. OF MIDWIFRY & GYNECOLOGICAL NURSING | ||
| 250 | _a5TH | ||
| 260 |
_aINDIA _bJAYPEE PUB _c2019 |
||
| 300 | _a768 | ||
| 650 | _aOBSTETRIC NURSING | ||
| 942 |
_2ddc _cBK _099 |
||
| 999 |
_c21877 _d21877 |
||